000 00700nab a2200193 4500
001 244442
003 OSt
005 20260115141016.0
007 tu
008 260115s2020|||||||
040 _aDE-2950
_cDE-2950
245 0 0 _aKompromiss zum Neujahrsempfang
_bStadtpolitik. Nach der Absage durch den OB wollen nun mehrere Fraktionen der Frankfurter SVV die Bürger einladen. Axel Strasser unterstützt das Neujahrstreffen - die AfD kündigt einen Boykott an/
_cThomas Gutke
264 _c2025
653 _aFrankfurt (Oder) - Slubice
653 _aSVV
653 _aNeujahrsempfang
773 0 _g37. Jahrgang (2026) Nr. 10 vom 13.01.2026 , S. 13 mit Foto
_tMärkische Oderzeitung
942 _2z
_cA
999 _c374207
_d374207